000 00886cam a2200277 4500
001 E95954
008 090401t1997 xxu||||| |||| 00| 0 eng d
035 _a(Sirsi) u90588
041 _aeng
050 _a347.4109
_c18
110 _aRoyal Institution of Chartered Surveyors
_94900
245 _aGuidance notes for surveyors acting as arbiters or as independent experts in rent reviews
_bScottish edition
260 _aEdinburgh
_bRICS
_c1997
300 _a61p.
_c31cm
350 _a30
490 _aRICS Scotland Guidance Note
650 _aMANAGEMENT-DISPUTE AVOIDANCE, MANAGEMENT AND RESOLUTION-DISPUTE MANAGEMENT AND RESOLUTION-ARBITRATION
650 _aPROPERTY-COMMERCIAL PROPERTY
650 _aEVIDENCE
650 _aEXPERT WITNESSES
650 _aRENT REVIEWS
650 _aSCOTLAND
690 _aDISPUTE RESOLUTION-SCOTLAND
942 _n0
948 _c08/01/1999
999 _c97567
_d97567